000 00469nam a2200097Ia 4500
008 180130s9999 xx 000 0 und d
245 _cMishna, Faye; Morrison, Janet; Basarke, Sean; Cook, Charlene
_aExpanding the playroom: school-based treatment for maltreated children
260 _c2013
300 _aBook title: Child and adolescent psychotherapy and psychoanalysis : one hundred years after 'Little Hans'--Acession number C17211; pages 70-90
650 _aPSYCHOTHERAPY
999 _c354018
_d354018